000 00615nam a2200229Ia 4500
005 20260429112308.0
008 260429s9999||||xx |||||||||||||| ||und||
020 _a9789390680757
041 _aEnglish
082 _a635.9
_bLAU
100 _aLaurie, Alex
245 0 _aFloriculture :
_bfundamentals and practices /
_cAlex Laurie
260 _aJaipur :
_bHilltop Publications,
_c2024.
300 _aix, 525 p.; hb
650 _a Flower cultivation
650 _a Gardening
650 _a Horticulture
650 _a Ornamental plants
650 _aFloriculture
700 _a Ries, V. H.
942 _cTB
999 _c53356
_d53356